000 00493nam a2200181Ia 4500
005 20250508152951.0
008 008 250505s9999 xx 000 0 eng d
037 _aBooks to be hide in OPAC
040 _aFEDL
_beng
_cFEDL
041 _aeng
_2eng
084 _a331.1, SIN/O
_qFEDL
100 _aLoy Kok Ah
_9762869
245 0 _aAnnual report of the labour department 1956
260 _c1958
300 _aii,101p
942 _cHB
_h331.1, SIN/O
999 _c1339879
_d1339879